| 000 | 01544nam a2200349 a 4500 | ||
|---|---|---|---|
| 001 | BRCA_3409 | ||
| 005 | 20190320204252.0 | ||
| 041 | _aeng | ||
| 044 | _aenk | ||
| 084 |
_a698 _b.W376 _c1926 |
||
| 100 | 1 |
_aCervantes Saavedra, Miguel de _d1547-1616 _9213 |
|
| 245 | 1 | 0 |
_aDon Quixote de la Mancha _cTranslated from the Spanish of Miguel de Cervantes Saavedra by Charles Jarvis. |
| 260 |
_aLondres : Nueva York _bFrederick Warne and Co. : Scribner and Co. _c1926 |
||
| 300 |
_a1 v. en 2 partes (xiv, 710 p.) _bil. _c22 cm. |
||
| 500 | _aContenido : Primera parte. Prólogo de Cervantes. Segunda parte. Prólogo de Cervantes | ||
| 500 | _aEdición : With 100 Illustrations by A. Houghton; Engraved by the Brothers Dalziel | ||
| 500 | _aEjemplar igual al anterior [697]. Tela; lomo y plano decorados con asuntos quijotescos en negro y dorado Lúdovik Osterc | ||
| 500 | _aEstado físico : Encuadernación desprendida | ||
| 500 | _aQM1040 | ||
| 546 | _aTexto en : inglés | ||
| 650 | 1 | 4 |
_aNovela española _yÉpoca clásica, 1500-1700 _9215 |
| 650 | 1 | 4 |
_aLiteratura española _yÉpoca clásica, 1500-1700 _9216 |
| 650 | 1 | 4 |
_aNovela española _ySiglo XVII _9217 |
| 650 | 1 | 4 |
_aDon Quijote (Personaje ficticio) _eNovela _9218 |
| 700 | 1 |
_aJarvis, Charles _d?-1739 _eTraductor _98945 |
|
| 700 | 1 |
_aHoughton, Arthur _eIlustrador _98946 |
|
| 700 | 1 |
_aDalziel, Edward _d1817-1905 _eGrabador _98947 |
|
| 700 | 1 |
_aDalziel, George _d1815-1902 _eGrabador _98948 |
|
| 740 | 0 | _aEl Ingenioso Hidalgo Don Quijote de la Mancha | |
| 902 | _aQFM | ||
| 942 |
_2lcc _cB |
||
| 999 |
_c3145 _d3145 |
||